01586nam a2200349 a 450000500170000000800410001702000180005804100080007609200170008410000400010124500750014125000110021626000510022730000220027850001590030065300250045965300210048465300310050565301150053665300330065165300450068465300640072965300790079365300330087265300260090565300150093170000380094670000380098494200120102299900150103495201870104920240412134604.0100309t2009||||ag ||||f||||||||1|||spa d a9789871246564 aspa c615l41sISO1 aIsolabella, Dora Maria Teresa93229 aFarmacología para nutricionistas 1 / cDora Maria Teresa Isolabella a1a ed. aBuenos Aires: bEdiciones Cooperativas;c2009. a200 p.c21x14 cm. aIsolabella, D. M. T., Politi, P. M. y Politi, M. T. (Col.). (2009). Farmacología para nutricionistas 1. (1a ed.). Buenos Aires : Ediciones Cooperativas. aFarmacologia general aEnsayos clinicos aInteraccion droga-alimento aCaracterizacion: suplementos dietarios, fitofarmacos, productos herbales, alimentos funcionales, nutraceuticos aFarmacologia de las Tiroides aTratamiento farmacologico de la obesidad aTerapeutica farmacologica de la caquexia asociada al cancer aAntiinflamatorios no esteroideos, tratamiento farmacologico de la diabetes aConceptos de farmacoeconomia aSuplementos dietarios aGráficos1 aPoliti, Pedro MarianoeCol.932301 aPoliti, Marian TeresaeCol.93231 2ddccBK c2406d2406 00102ddc4070aBFMbBFMcCRd2017-03-22eDonacion Dra. Dora Isolabella, marzo 2017l0o615 41 ISOp3852r2017-03-22tEj.1w2017-03-22yBKzDonacion Dra. Dora Isolabella, marzo 2017